[Event "Metz op"]
[Site "Metz"]
[Date "1997.??.??"]
[Round "6"]
[White "Inkiov, Ventzislav"]
[Black "Komljenovic, Davor"]
[Result "1-0"]
[WhiteElo "2510"]
[BlackElo "2460"]
[PlyCount "133"]
[EventDate "1997.??.??"]
[Source "www.chesslib.no"]
[SourceDate "2004.05.04"]

1. e4 c5 2. Nf3 d6 3. d4 cxd4 4. Nxd4 Nf6 5. Nc3 g6 6. Be2 Bg7 7. O-O Nc6 8. Be3 O-O 9. Qd2 Ng4 10. Bxg4 Bxg4 11. Nd5 Bd7 12. c4 e6 13. Nc3 Ne5 14. b3 a6 15. h3 f5 16. f4 Nf7 17. exf5 gxf5 18. a4 Qa5 19. Rac1 Rae8 20. Nde2 Bc6 21. Ng3 Kh8 22. Nh5 Rg8 23. Rf2 h6 24. Kh2 Kh7 25. Bd4 e5 26. Be3 Bh8 27. fxe5 Bxe5+ 28. Bf4 Rg6 29. Nd5 Qxd2 30. Rxd2 Kg8 31. Bxe5 Rxe5 32. Ndf4 Rg5 33. h4 Rg7 34. Nxg7 Kxg7 35. Rc3 Re4 36. Kg3 Kf6 37. Re2 Ke5 38. Rcc2 Kd4 39. Rcd2+ Kc3 40. Rd3+ Kb4 41. Rxe4 Bxe4 42. Nd5+ Ka3 43. Re3 Ne5 44. Nf6 Bc2 45. c5 f4+ 46. Kxf4 Ng6+ 47. Kg3 dxc5 48. Nd7 b6 49. a5 bxa5 50. Nxc5 h5 51. Rc3 Bd1 52. Nxa6 Bxb3 53. Rc5 a4 54. Rxh5 Kb2 55. Nc5 Kc3 56. Rg5 Ne7 57. h5 Kb4 58. h6 Bc2 59. Nxa4 Kxa4 60. Kf4 Ng6+ 61. Rxg6 Bxg6 62. Kg5 Bd3 63. Kf6 Kb5 64. g4 Kc6 65. g5 Kd7 66. g6 Ke8 67. h7 1-0

[Event "FRG-ch int"]
[Site "Mannheim"]
[Date "1975.??.??"]
[Round "14"]
[White "Parma, Bruno"]
[Black "Mednis, Edmar John"]
[Result "1/2-1/2"]
[WhiteElo "2510"]
[BlackElo "2455"]
[PlyCount "41"]
[EventDate "1975.??.??"]
[Source "ChessBase"]

1. e4 c5 2. Nf3 d6 3. Nc3 Nc6 4. d4 cxd4 5. Nxd4 Nf6 6. Be2 g6 7. Be3 Bg7 8. O-O O-O 9. Qd2 Ng4 10. Bxg4 Bxg4 11. Nd5 Bd7 12. c4 Ne5 13. b3 Bc6 14. h3 Re8 15. Rad1 Nd7 16. Rfe1 Nf6 17. Nxf6+ Bxf6 18. Nxc6 bxc6 19. Bd4 Bxd4 20. Qxd4 Qa5 21. Qd2 1/2-1/2

[Event "FRG Ch int"]
[Site "Berlin West"]
[Date "1971.??.??"]
[Round "?"]
[White "Westerinen, Heikki M J"]
[Black "Parma, Bruno"]
[Result "1-0"]
[WhiteElo "2450"]
[BlackElo "2510"]
[PlyCount "116"]
[EventDate "1971.09.??"]
[Source "www.chesslib.no"]
[SourceDate "2004.05.04"]

1. e4 c5 2. Nf3 d6 3. d4 cxd4 4. Nxd4 Nf6 5. Nc3 g6 6. Be2 Bg7 7. O-O Nc6 8. Be3 O-O 9. f4 Qb6 10. Na4 Qa5 11. Nc3 Qb6 12. Na4 Qc7 13. Nc3 a6 14. a4 Bd7 15. Nb3 Na5 16. e5 dxe5 17. fxe5 Qxe5 18. Bd4 Qg5 19. Bxf6 Bxf6 20. Qxd7 Nxb3 21. cxb3 Qe3+ 22. Rf2 Bd4 23. Raf1 Rad8 24. Qxb7 Qd2 25. Bxa6 Qxb2 26. Nd1 Bxf2+ 27. Nxf2 Rb8 28. Qxe7 Qxb3 29. Bb5 Qc3 30. Ne4 Qd4+ 31. Kh1 Rbd8 32. Nf6+ Kg7 33. h3 Ra8 34. Nd7 Rae8 35. Qa3 Rh8 36. Qf3 Re7 37. Nf6 Rd8 38. Ne8+ Kf8 39. Nf6 Kg7 40. Qg3 Qe5 41. Qxe5 Rxe5 42. Ng4 Rc5 43. Ra1 Rdc8 44. Ra2 Rc2 45. Rxc2 Rxc2 46. Ne3 Rc1+ 47. Kh2 Kf6 48. Nc4 Rb1 49. Kg3 Ke6 50. Kf4 Kd5 51. Nd2 Rb4+ 52. Ke3 Kc5 53. Ne4+ Kd5 54. Nf6+ Ke5 55. Nxh7 Rb3+ 56. Kf2 Kf4 57. Nf6 Rb2+ 58. Kg1 Ke5 1-0

[Event "CSR-ch"]
[Site "Brno"]
[Date "1975.??.??"]
[Round "11"]
[White "Jansa, Vlastimil"]
[Black "Lechtynsky, Jiri"]
[Result "1/2-1/2"]
[WhiteElo "2540"]
[BlackElo "2410"]
[PlyCount "75"]
[EventDate "1975.??.??"]
[Source "ChessBase"]

1. e4 c5 2. Nf3 d6 3. d4 cxd4 4. Nxd4 Nf6 5. Nc3 a6 6. Be2 g6 7. Be3 Bg7 8. Qd2 Nc6 9. O-O O-O 10. f4 Bd7 11. Nb3 b5 12. Bf3 b4 13. Nd5 Nxd5 14. exd5 Na5 15. Qxb4 Nxb3 16. axb3 Bxb2 17. Ra2 Bf6 18. Bd4 a5 19. Qd2 Bxd4+ 20. Qxd4 Qc7 21. Re1 Rfe8 22. c4 Rab8 23. Rae2 Rxb3 24. Rxe7 Rxe7 25. Rxe7 Qd8 26. Re1 Qb6 27. Qxb6 Rxb6 28. Kf2 a4 29. Ke3 Rb3+ 30. Kd4 Bf5 31. Be4 Bxe4 32. Rxe4 Kf8 33. Re2 a3 34. Ra2 Ke7 35. c5 Rb4+ 36. Ke3 Rb3+ 37. Kd4 Rb4+ 38. Ke3 1/2-1/2

[Event "WchT U26"]
[Site "Chicago, IL USA"]
[Date "1983.??.??"]
[Round "?"]
[White "Kindermann, Stefan E S"]
[Black "Kudrin, Sergey"]
[Result "1-0"]
[WhiteElo "2440"]
[BlackElo "2505"]
[PlyCount "79"]
[EventDate "1983.??.??"]
[Source "www.chesslib.no"]
[SourceDate "2004.05.04"]

1. e4 c5 2. Nf3 d6 3. d4 cxd4 4. Nxd4 Nf6 5. Nc3 g6 6. Be2 Bg7 7. O-O O-O 8. Be3 Nc6 9. Kh1 d5 10. Nxc6 bxc6 11. e5 Nd7 12. f4 Qa5 13. Qd2 Rd8 14. a3 a6 15. b4 Qc7 16. Na4 a5 17. Nc5 Bf8 18. Qc3 Nxc5 19. bxc5 a4 20. Rfb1 Ba6 21. Bxa6 Rxa6 22. Rb4 e6 23. Rab1 Ra7 24. Bd4 Rda8 25. g4 Qc8 26. Qe3 Ra5 27. Rb6 Be7 28. Kg2 Bd8 29. Rb7 R5a7 30. R7b4 Ba5 31. R4b2 Bc7 32. c4 Rb8 33. Rxb8 Bxb8 34. f5 Rb7 35. Rf1 exf5 36. gxf5 Re7 37. e6 fxe6 38. Bf6 Re8 39. fxg6 e5 40. Qh6 1-0

[Event "New Delhi"]
[Site "Delhi"]
[Date "1984.??.??"]
[Round "?"]
[White "Barua, Dibyendu"]
[Black "Gufeld, Eduard"]
[Result "1/2-1/2"]
[WhiteElo "2460"]
[BlackElo "2480"]
[PlyCount "85"]
[EventDate "1984.??.??"]
[Source "ChessBase"]

1. e4 c5 2. Nf3 Nc6 3. d4 cxd4 4. Nxd4 g6 5. Nc3 Bg7 6. Be3 Nf6 7. Be2 O-O 8. O-O d6 9. Kh1 Nxd4 10. Bxd4 e5 11. Be3 Be6 12. f4 exf4 13. Bxf4 Qb6 14. Rb1 Rfc8 15. Bg5 Nd7 16. Nd5 Bxd5 17. Qxd5 Ne5 18. c3 Rc5 19. Qd2 Qc6 20. Rbe1 Re8 21. b4 Rxc3 22. Bb5 Qxb5 23. Qxc3 Nd3 24. Qb3 Nxe1 25. Qxf7+ Kh8 26. a4 Qe5 27. Rxe1 Rf8 28. Qe7 Qc3 29. Rg1 h6 30. Bh4 Qxb4 31. e5 g5 32. Bg3 Qe4 33. exd6 Qxe7 34. dxe7 Re8 35. Bd6 Bf6 36. Rc1 a6 37. Rb1 b5 38. axb5 axb5 39. Rxb5 Kg7 40. Rb7 Kf7 41. g3 Bxe7 42. Kg2 Kf6 43. Bxe7+ 1/2-1/2

[Event "Bled Open"]
[Site "Bled SLO"]
[Date "1991.??.??"]
[Round "?"]
[White "Panchenko, Alexander N"]
[Black "Cabrilo, Goran"]
[Result "1/2-1/2"]
[WhiteElo "2445"]
[BlackElo "2490"]
[PlyCount "49"]
[EventDate "1991.02.??"]
[Source "www.chesslib.no"]
[SourceDate "2004.05.04"]

1. e4 c5 2. Nf3 Nc6 3. d4 cxd4 4. Nxd4 Nf6 5. Nc3 d6 6. Be2 g6 7. Be3 Bg7 8. O-O O-O 9. Qd2 Ng4 10. Bxg4 Bxg4 11. Nd5 Rc8 12. c4 Bd7 13. Rac1 Re8 14. b3 Nxd4 15. Bxd4 Bxd4 16. Qxd4 Qa5 17. Qb2 Be6 18. Rfd1 Bxd5 19. Rxd5 Rc5 20. h4 h5 21. b4 Qb6 22. Qd2 Rxd5 23. cxd5 Qd8 24. Qd4 a6 25. g3 1/2-1/2

[Event "Capablanca mem-B"]
[Site "Cuba"]
[Date "1993.??.??"]
[Round "1"]
[White "Arencibia, Walter"]
[Black "Diaz, Joaquin C"]
[Result "1/2-1/2"]
[WhiteElo "2490"]
[BlackElo "2445"]
[PlyCount "110"]
[EventDate "1993.??.??"]
[Source "ChessBase"]

1. e4 c5 2. Nf3 d6 3. d4 cxd4 4. Nxd4 Nf6 5. Nc3 g6 6. Be3 Bg7 7. Be2 O-O 8. O-O Nc6 9. Qd2 Bd7 10. Nb3 Ne5 11. Bh6 b5 12. Bxg7 Kxg7 13. Rae1 Nc4 14. Bxc4 bxc4 15. Nd4 e5 16. Nde2 Qb6 17. Rb1 Rad8 18. h3 Be6 19. Qg5 Rfe8 20. Rfd1 h6 21. Qg3 Qb7 22. Qe3 d5 23. exd5 Bxd5 24. Nxd5 Rxd5 25. Rxd5 Qxd5 26. Qxa7 Qd2 27. Nc3 Qxc2 28. Qa4 Qxa4 29. Nxa4 Ra8 30. Nb6 Rxa2 31. Nxc4 Nd7 32. Rd1 Ra7 33. b4 Rb7 34. Na5 Rc7 35. b5 Nb6 36. Nc6 Rd7 37. Rc1 f6 38. Ra1 Kf8 39. Ra6 Rb7 40. Kf1 Ke8 41. Na5 Rb8 42. Ra7 Ra8 43. Rxa8+ Nxa8 44. Ke2 Kd7 45. Kd3 Kd6 46. Nb7+ Kd5 47. Kc3 f5 48. Nd8 e4 49. Nf7 Kc5 50. Nxh6 Nc7 51. Nf7 Nd5+ 52. Kd2 Kxb5 53. g4 fxg4 54. hxg4 Kc5 55. Ne5 g5 1/2-1/2

[Event "It (cat.4)"]
[Site "Antwerpen (Belgium)"]
[Date "2007.06.30"]
[Round "1"]
[White "Dardha Arben (ALB)"]
[Black "Miroshnichenko Evgenij (UKR)"]
[Result "0-1"]
[WhiteElo "2286"]
[BlackElo "2646"]
[PlyCount "88"]
[EventDate "2007.??.??"]
[Source "www.chesslib.no"]
[SourceDate "2004.05.04"]

1. e4 c5 2. Nf3 Nc6 3. d4 cxd4 4. Nxd4 Nf6 5. Nc3 d6 6. Be2 g6 7. O-O Bg7 8. Be3 O-O 9. Kh1 Bd7 10. f4 a6 11. a4 Rc8 12. Nb3 Be6 13. Nd4 Nxd4 14. Bxd4 Bc4 15. a5 e6 16. Ra4 Bxe2 17. Qxe2 Rc6 18. Rd1 Qe7 19. e5 dxe5 20. Bxe5 Rfc8 21. Rad4 h5 22. h3 Qc5 23. Rd8+ Rxd8 24. Rxd8+ Kh7 25. Bxf6 Bxf6 26. Ne4 Qf5 27. Rd7 Kg7 28. Nd6 Rxd6 29. Rxd6 Qxf4 30. Rd3 Bxb2 31. Rb3 h4 32. g3 hxg3 33. Kg2 Bd4 34. Rxb7 Kh6 35. Rb3 f5 36. Rxg3 e5 37. c3 Bc5 38. Rd3 Qg5+ 39. Rg3 Qc1 40. Kh2 e4 41. Qxa6 Qd2+ 42. Kh1 Bd6 43. Qc8 Bxg3 44. Qf8+ Kh5 0-1

[Event "Creon op"]
[Site "Creon"]
[Date "1999.??.??"]
[Round "?"]
[White "Nevednichy, Vladislav"]
[Black "Dumitrache, Dragos"]
[Result "1-0"]
[WhiteElo "2505"]
[BlackElo "2426"]
[PlyCount "70"]
[EventDate "1999.??.??"]
[Source "www.chesslib.no"]
[SourceDate "2004.05.04"]

1. e4 c5 2. Nf3 Nc6 3. d4 cxd4 4. Nxd4 g6 5. Nc3 Bg7 6. Be3 d6 7. Be2 Nf6 8. O-O O-O 9. Qd2 Bd7 10. Rad1 Nxd4 11. Bxd4 Bc6 12. Qe3 Qa5 13. f4 Nd7 14. Bxg7 Kxg7 15. Qd4+ e5 16. Qe3 Qc5 17. Qxc5 dxc5 18. Bb5 Bxb5 19. Nxb5 a6 20. Nc3 Nb6 21. b3 Rad8 22. fxe5 Rfe8 23. a4 Rxd1 24. Rxd1 Rxe5 25. a5 Nc8 26. Rd8 Na7 27. Rd7 Nc6 28. Rxb7 Nxa5 29. Rc7 Kf8 30. Kf2 h5 31. Kf3 Re6 32. Rxc5 Rc6 33. Na4 Rxc5 34. Nxc5 Nc6 35. c4 a5 1-0

[Event "Lone Pine op"]
[Site "Lone Pine"]
[Date "1975.??.??"]
[Round "4"]
[White "Commons, Kim S"]
[Black "Torre, Eugenio"]
[Result "1/2-1/2"]
[WhiteElo "2415"]
[BlackElo "2515"]
[PlyCount "31"]
[EventDate "1975.??.??"]
[Source "ChessBase"]

1. Nf3 c5 2. e4 Nc6 3. d4 cxd4 4. Nxd4 Nf6 5. Nc3 d6 6. f4 g6 7. Be2 Bg7 8. Be3 O-O 9. O-O Qb6 10. Qd3 Ng4 11. Bxg4 Bxd4 12. Bxd4 Qxd4+ 13. Qxd4 Nxd4 14. Bxc8 Raxc8 15. Rf2 Rc5 16. Nd5 1/2-1/2

[Event "ch-RUS Boys u20"]
[Site "St Petersburg RUS"]
[Date "2008.03.14"]
[Round "7"]
[White "Ponkratov, P."]
[Black "Lintchevski, D."]
[Result "1-0"]
[WhiteElo "2489"]
[BlackElo "2440"]
[PlyCount "129"]
[EventDate "2008.03.08"]
[Source "www.chesslib.no"]
[SourceDate "2004.05.04"]

1. e4 c5 2. Nf3 Nc6 3. d4 cxd4 4. Nxd4 Nf6 5. Nc3 d6 6. Be2 g6 7. Be3 Bg7 8. O-O O-O 9. Qd2 Ng4 10. Bxg4 Bxg4 11. f3 Bd7 12. Rad1 Ne5 13. b3 Rc8 14. Nde2 Bc6 15. Kh1 Re8 16. Bd4 Qa5 17. Qe3 Nd7 18. Bxg7 Kxg7 19. a4 Qc5 20. Qd2 Nf6 21. Nb1 Qb6 22. Na3 Red8 23. Nd4 Be8 24. Nc4 Qc5 25. Ne3 Bd7 26. c4 Kg8 27. Rde1 e5 28. Ne2 Qc7 29. Nc3 Bc6 30. Qc1 a6 31. f4 Qe7 32. a5 exf4 33. Rxf4 Nd7 34. Ref1 Rf8 35. Qe1 Rce8 36. b4 f5 37. Qd2 Nf6 38. Ned5 Bxd5 39. Nxd5 Nxd5 40. Qxd5+ Qe6 41. c5 Qxd5 42. exd5 Re5 43. Rd1 Rfe8 44. Kg1 Re1+ 45. Rxe1 Rxe1+ 46. Rf1 Re4 47. Rc1 dxc5 48. bxc5 Re5 49. Rd1 Kf8 50. Kf2 Re4 51. d6 Rf4+ 52. Kg3 Rg4+ 53. Kf3 Ke8 54. Re1+ Kd8 55. Re7 Rc4 56. Rc7 f4 57. Ke2 Rb4 58. Kd3 h5 59. Kc3 Rb5 60. Kd4 Rb2 61. h4 Rd2+ 62. Ke5 Rxg2 63. Rxb7 Rc2 64. Ke6 Re2+ 65. Kd5 1-0

[Event "Esbjerg op"]
[Site "Esbjerg"]
[Date "1972.??.??"]
[Round "10"]
[White "Hamann, Svend"]
[Black "Jakobsen, Ole"]
[Result "1/2-1/2"]
[WhiteElo "2490"]
[BlackElo "2430"]
[PlyCount "99"]
[EventDate "1972.??.??"]
[Source "ChessBase"]

1. e4 c5 2. Nf3 d6 3. d4 cxd4 4. Nxd4 Nf6 5. Nc3 g6 6. Be2 Bg7 7. Be3 Nc6 8. O-O O-O 9. Qd2 Bd7 10. f4 Rc8 11. Bf3 a6 12. Rae1 Qc7 13. Nb3 b6 14. Qf2 Rb8 15. h3 Be6 16. Rd1 Na5 17. Nd4 Bc4 18. Rfe1 e5 19. Nb3 Be6 20. f5 gxf5 21. exf5 Bxf5 22. Bg5 Bg6 23. Qh4 Ne8 24. Nd5 Qd7 25. Ne7+ Kh8 26. Be4 Bxe4 27. Rxe4 Nc6 28. Rf1 Nxe7 29. Bxe7 f5 30. Bxf8 Bxf8 31. g4 Be7 32. Qh6 Ng7 33. gxf5 Nxf5 34. Qh5 Ng3 35. Qg4 Qxg4 36. Rxg4 Nxf1 37. Kxf1 d5 38. c4 h5 39. Rg6 dxc4 40. Nd2 Rf8+ 41. Ke2 Bc5 42. Nxc4 e4 43. Re6 Rf2+ 44. Ke1 e3 45. a3 b5 46. b4 Bd4 47. Nxe3 Ra2 48. Rh6+ Kg8 49. Nd5 Rxa3 50. Rxh5 1/2-1/2

[Event "Biel op MTO"]
[Site "Biel"]
[Date "1997.??.??"]
[Round "3"]
[White "Glek, Igor V"]
[Black "Henrichs, Thomas"]
[Result "1-0"]
[WhiteElo "2505"]
[BlackElo "2415"]
[PlyCount "71"]
[EventDate "1997.07.21"]
[Source "ChessBase"]
[SourceDate "1997.11.24"]

1. e4 c5 2. Nf3 d6 3. d4 cxd4 4. Nxd4 Nf6 5. Nc3 Nc6 6. Be2 g6 7. Be3 Bg7 8. O-O O-O 9. Qd2 Bd7 10. Rad1 Rc8 11. h3 a6 12. f4 b5 13. a3 Nxd4 14. Bxd4 Bc6 15. Bf3 a5 16. Rfe1 Re8 17. Qf2 b4 18. axb4 axb4 19. Nd5 Bxd5 20. exd5 Nd7 21. Re2 Rb8 22. b3 Bxd4 23. Rxd4 Qb6 24. g4 Nc5 25. g5 Rb7 26. h4 Ra7 27. h5 e5 28. fxe5 Rxe5 29. Rxe5 dxe5 30. Rc4 Ra5 31. h6 Qd6 32. Kg2 e4 33. Bxe4 Qe5 34. Qf6 Qxf6 35. gxf6 Kf8 36. Rxb4 1-0

[Event "ARG Ch 60th"]
[Site "Buenos Aires ARG"]
[Date "1986.??.??"]
[Round "8"]
[White "Bronstein, Luis M"]
[Black "Ricardi, Pablo"]
[Result "0-1"]
[WhiteElo "2400"]
[BlackElo "2520"]
[PlyCount "149"]
[EventDate "1986.??.??"]
[Source "www.chesslib.no"]
[SourceDate "2004.05.04"]

1. e4 c5 2. Nf3 d6 3. d4 cxd4 4. Nxd4 Nf6 5. Nc3 g6 6. Be2 Bg7 7. O-O O-O 8. Be3 Nc6 9. Qd2 Nxd4 10. Bxd4 Be6 11. Rad1 Rc8 12. Qe3 a6 13. f4 b5 14. a3 Bc4 15. e5 dxe5 16. fxe5 Nd5 17. Nxd5 Qxd5 18. Bf3 Qe6 19. Rfe1 Bd5 20. Bxd5 Qxd5 21. c3 Qe6 22. Rd3 Rfd8 23. Qh3 Qc4 24. Rf3 Rc6 25. Ref1 Rf8 26. Qd7 Qe6 27. Qxe6 Rxe6 28. Re3 Rd8 29. Ref3 Bxe5 30. Bxe5 Rxe5 31. Rxf7 Re2 32. R7f2 Rxf2 33. Rxf2 Rd1+ 34. Rf1 Rxf1+ 35. Kxf1 Kf7 36. Ke2 Ke6 37. Kd3 Kd5 38. h4 h6 39. g4 a5 40. b3 g5 41. c4+ bxc4+ 42. bxc4+ Kc5 43. hxg5 hxg5 44. a4 Kb4 45. Kd4 Kxa4 46. Kc5 Kb3 47. Kb5 a4 48. c5 a3 49. c6 a2 50. c7 a1=Q 51. c8=Q Qa4+ 52. Kb6 Qb4+ 53. Ka7 Qa5+ 54. Kb8 Qd5 55. Qh8 e6 56. Qh5 Kc4 57. Kc7 Kd4 58. Qh3 Ke4 59. Qf1 Ke3 60. Kc8 Kd4 61. Qf6+ Ke4 62. Qf1 Qd3 63. Qf6 Qc4+ 64. Kb7 Qb5+ 65. Kc8 Qc5+ 66. Kb7 Qe5 67. Qf1 Qf4 68. Qe2+ Qe3 69. Qf1 Qf3 70. Qc4+ Ke5+ 71. Kc7 Qe4 72. Qc5+ Kf4 73. Qg1 Qe3 74. Qd1 e5 75. Qd7 0-1